Die einwohnerreichsten Städte Mecklenburg-Vorpommerns - Statistiken

Allgemein
  • Dieses Quiz wurde 211 mal gespielt
  • Das Durchschnittsergebnis liegt bei 11 aus 15
Antwortstatistiken
Einwohner Stadt % Korrekt
207.513 Rostock
100%
95.668 Schwerin
99%
59.101 Stralsund
92%
57.985 Greifswald
90%
63.794 Neubrandenburg
90%
42.992 Wismar
90%
29.215 Güstrow
64%
12.306 Ludwigslust
62%
12.635 Anklam
61%
21.367 Waren
59%
13.618 Bergen auf Rügen
57%
17.964 Parchim
57%
20.426 Neustrelitz
55%
15.208 Ribnitz-Damgarten
39%
12.172 Wolgast
36%
Keine übereinstimmenden Quizze gefunden
Verteilung der Resultate
Anzahl Personen mit jedem Resultat
Perzentil nach korrekt beantworteten Fragen
Ihre Resultats-Entwicklung
Sie haben dieses Quiz noch nicht gespielt